| 000 | 00647nam a2200217 a 4500 | ||
|---|---|---|---|
| 999 |
_c3720 _d3720 |
||
| 001 | 3720 | ||
| 003 | BD-JhCC | ||
| 005 | 20171118183153.0 | ||
| 008 | 171116s1966 bg |||| |||| 000 0 ben d | ||
| 035 | _a(BD-JhCC)3720 | ||
| 040 |
_aBD-JhCC _dBD-JhCC |
||
| 041 | _aben | ||
| 082 |
_a891.4415 _bUDD 1966 |
||
| 100 | _aউদদীন, জসীম | ||
| 245 |
_aসুচয়নী / _cজসীম উদদীন. |
||
| 260 |
_aঢাকা : _bপলাশ প্রকাশনী, _bনওরোজ কিতাবিস্তান, _c1966. |
||
| 300 |
_a280 p. : _c20 cm. |
||
| 650 | _aBengali Poems | ||
| 942 |
_2ddc _cBK |
||